| 000 | 01009cam a22002893a 4500 | ||
|---|---|---|---|
| 001 | 24658 | ||
| 003 | PGUSA | ||
| 005 | 20140828083530.0 | ||
| 008 | 080220s2008||||xxu|||||s|||||000 | eng d | ||
| 040 |
_aPGUSA _beng |
||
| 042 | _adc | ||
| 050 | 4 | _aE201 | |
| 100 | 1 |
_aRyerson, Egerton, _d1803-1882 |
|
| 245 | 1 | 4 |
_aThe Loyalists of America and Their Times, Vol. 2 of 2 : _bFrom 1620-1816 _h[electronic resource] / _cEgerton Ryerson |
| 260 |
_bProject Gutenberg, _c2008 |
||
| 506 | _aPublic domain in the USA. | ||
| 516 | _aElectronic text | ||
| 653 | _aUnited States -- History -- War of 1812 | ||
| 653 | _aMassachusetts -- Politics and government -- To 1775 | ||
| 653 | _aAmerican loyalists | ||
| 653 | _aUnited States -- Politics and government -- To 1775 | ||
| 653 | _aUnited States -- History -- Revolution, 1775-1783 | ||
| 653 | _aUnited States -- Politics and government -- 1775-1783 | ||
| 830 | 0 |
_aProject Gutenberg _v24658 |
|
| 856 | 4 | 0 | _uhttp://www.gutenberg.org/ebooks/24658 |
| 942 | _cEB | ||
| 999 |
_c253913 _d253913 |
||